| 000 | 01544nam a22002777a 4500 | ||
|---|---|---|---|
| 005 | 20110704171022.0 | ||
| 020 |
_a8182630002 _c25.00 |
||
| 020 |
_a9788182630000 _c25.00 |
||
| 035 | _aB-432589-593 | ||
| 037 |
_aDPL _bBlue Berry |
||
| 082 | _aS | ||
| 100 |
_aChavan, Madhav _929883 |
||
| 245 |
_aWe are all animals / _c by Madhav Chavan [and] Meera Tendolkar; illustrated by Santosh Pujari; translated by Rohini Nilekani |
||
| 250 | _a5th | ||
| 260 |
_aNew Delhi _bPratham Books _c2010 |
||
| 270 |
_a633-634, 4th "C" Main, 6th 'B' Cross, OMBR Layout, Banaswadi _bBangalore _e560043 _k011-65684113 |
||
| 300 |
_a28p. _bill. _c14 cm.(pbk) |
||
| 700 | _929160 | ||
| 942 |
_2ddc _cCH _hS _mCHA |
||
| 999 |
_c53614 _d53614 |
||